| Поле | Инд. | ПП | Название | Значение |
|---|---|---|---|---|
| Тип записи | a | |||
| Библиографический уровень | m | |||
| 001 | Контрольный номер | UNIDUBNAfedde07f1c114bef9320cf636ef35607 | ||
| 005 | Дата корректировки | 20260513082541.4 | ||
| 008 | Кодируемые данные | 20071220 | ||
| 084 | a | Индекс другой классификации/Индекс ББК | 85.103(2=411.2)я723 | |
| 090 | 00 | a | Полочн. индекс | 85.103(2=411.2)я723 |
| x | Авторский знак | И 907 | ||
| 097 | 00 | a | 230 | |
| 245 | 00 | a | Заглавие | История русского искусства |
| b | Продолж. заглавия | учебник | ||
| c | Ответственность | Институт живописи, скульптуры и архитектуры им. И. Е. Репина; ответственный редактор В. И. Плотников | ||
| 260 | 00 | a | Место издания | Москва |
| b | Издательство | Изобразительное искусство | ||
| c | Дата издания | 1980 | ||
| 300 | 00 | a | Объем | 400 с. |
| b | Иллюстрации/ тип воспроизводства | цв. ил., 68 л. ил. | ||
| 336 | a | Термин вида содержания | Текст | |
| 337 | a | Термин типа средства | непосредственный | |
| 650 | 04 | a | Основная рубрика | изобразительное искусство |
| a | Основная рубрика | искусство | ||
| a | Основная рубрика | история изобразительного искусства | ||
| 653 | 00 | a | Ключевые слова | "Мир искусства" |
| a | Ключевые слова | X век | ||
| a | Ключевые слова | XII век | ||
| a | Ключевые слова | XIII век | ||
| a | Ключевые слова | XIX век | ||
| a | Ключевые слова | XV век | ||
| a | Ключевые слова | XVI век | ||
| a | Ключевые слова | XVII век | ||
| a | Ключевые слова | XVIII век | ||
| a | Ключевые слова | XX век | ||
| a | Ключевые слова | архитекторы | ||
| a | Ключевые слова | архитектура | ||
| a | Ключевые слова | гравюры | ||
| a | Ключевые слова | градостроительство | ||
| a | Ключевые слова | графика | ||
| a | Ключевые слова | жанровая живопись | ||
| a | Ключевые слова | живопись | ||
| a | Ключевые слова | иллюстрации | ||
| a | Ключевые слова | историческая живопись | ||
| a | Ключевые слова | литографии | ||
| a | Ключевые слова | народное искусство | ||
| a | Ключевые слова | новое время | ||
| a | Ключевые слова | пейзажная живопись | ||
| a | Ключевые слова | портретная живопись | ||
| a | Ключевые слова | прикладное искусство | ||
| a | Ключевые слова | реализм | ||
| a | Ключевые слова | Россия | ||
| a | Ключевые слова | скульпторы | ||
| a | Ключевые слова | скульптура | ||
| a | Ключевые слова | художественное творчество | ||
| a | Ключевые слова | художественные направления | ||
| a | Ключевые слова | художественные формы | ||
| 655 | 00 | a | Жанр/ форма (устаревшее) | учебное пособие |
| 700 | 10 | a | Автор | Плотников В. И. |
| e | Роль лиц | редактор | ||
| 900 | a | Имя электронного ресурса | obl_istoriya_rus_iskusstva | |
| x | Справочная информация | Обложка | ||
| 901 | t | Тип документа | m | |
| 952 | a | Тип литературы для КСУ ВШ | УИ | |
| 954 | a | Гриф | 2.8.71.1 |